• 首页
  • 本馆介绍
  • 公告通知
  • 最新文献
  • 馆藏检索
  • 电子资源
  • 读者导购
  • 参考咨询
  • 我的图书馆
  • 登录
  • 详细信息显示
  • 放入我的书架
  • 预约/预借图书
  • 作者相关作品
  • 分类相关作品
  • 丛书相关作品
  • 出版社相关作品

书目信息

  • 表格格式
  • 工作单格式
  • 卡片格式
题名:
普速铁路机务行车安全规章
    
 
作者: 王旭 , 王永辉 主编 ;北京铁路局 编
分册:  
出版信息: 北京   中国铁道出版社  2017.09
页数: 316页
开本: 26cm
丛书名: 铁路机车乘务员学习指导丛书
单 册:
中图分类: U298.1
科图分类:
主题词: 铁路行车--行车安全--资格考试--教材
电子资源:
ISBN: 978-7-113-23779-0
000 00973oam2 2200265 450
001 5398
005 20181015170021.95
010    @a978-7-113-23779-0@dCNY60.00
100    @a20171116d2017 em y0chiy50 ea
101 0  @achi
102    @aCN@b110000
105    @aa zn 000yy
200 1  @a普速铁路机务行车安全规章@9pu su tie lu ji wu xing che an quan gui zhang@f北京铁路局编
210    @a北京@c中国铁道出版社@d2017.09
215    @a316页@c图@d26cm
225 2  @a铁路机车乘务员学习指导丛书
330    @a由本书内容包括铁路技术管理规程(普速、高速铁路部分)、铁路交通事故调查处理规则、铁路机车操作规则、铁路机车运用管理规则、相关法律法规以及题库和模拟试卷等。
461  0 @12001 @a铁路机车乘务员学习指导丛书
606 0  @a铁路行车@x行车安全@x资格考试@j教材
690    @aU298.1@v5
701  0 @a王旭@9wang xu@4主编
701  0 @a王永辉@9wang yong hui@4主编
712 02 @a北京铁路局@9bei jing tie lu ju@4编
801  0 @aCN@b91MARC@c20171116
905    @aMuseLib@dU298.1@e814
    
    普速铁路机务行车安全规章/北京铁路局编.-北京:中国铁道出版社,2017.09
    316页:图;26cm.-(铁路机车乘务员学习指导丛书)
    
    
    ISBN 978-7-113-23779-0:CNY60.00
    由本书内容包括铁路技术管理规程(普速、高速铁路部分)、铁路交通事故调查处理规则、铁路机车操作规则、铁路机车运用管理规则、相关法律法规以及题库和模拟试卷等。
●
相关链接 在E读中查询图书 在五车中查询图书 在当当中查询图书 在豆瓣中查询图书


正题名:普速铁路机务行车安全规章     索取号:U298.1/814         预约/预借

序号 登录号 条形码 馆藏地/架位号 状态 备注
1 1129510   211295105   第二样本阅览室/ [索取号:U298.1/814] 在馆    
2 1129511   211295114   第三借阅区/ [索取号:U298.1/814] 在馆    
3 1129512   211295123   密集书库-物理学院/ [索取号:U298.1/814] 在馆    
4 1129513   211295132   第三借阅区/ [索取号:U298.1/814] 在馆    
5 1129514   211295141   第三借阅区/ [索取号:U298.1/814] 在馆    
唐山师范学院图书馆 欢迎您!
大连网信软件有限公司© 版权所有